MARC

LEADER 00000nam0a2200000 4500
001 276929
005 20231101234952.0
020 |a RU  |b 85-186ж 
035 |a (RuTPU)RU\TPU\book\300202 
090 |a 276929 
100 |a 20141127a1985 k y0rusy5003 ca 
101 0 |a rus 
102 |a RU 
105 |a a z 000zy 
200 1 |a Напряженное и термонапряженное состояние бетонных и железобетонных конструкций гидротехнических сооружений  |e сборник научных трудов  |f Всесоюзный научно-исследовательский институт гидротехники им. Б. Е. Веденеева (ВНИИГ) ; под ред. Б. Г. Картелева 
210 |a Ленинград  |c Энергоатомиздат  |c Ленингр. отд-ние  |d 1985 
215 |a 104 с.  |c ил. 
225 1 |a Известия ВНИИГ им. Б. Е. Веденеева  |v Т. 180 
606 1 |a Гидроэнергетическое строительство  |2 stltpush  |3 (RuTPU)RU\TPU\subj\7182  |9 34888 
610 1 |a гидротехническое строительство 
610 1 |a напряженное состояние 
610 1 |a термонапряженное состояние 
610 1 |a бетонные конструкции 
610 1 |a железобетонные конструкции 
610 1 |a арочные плотины 
610 1 |a водопропускные сооружения 
610 1 |a балки 
610 1 |a упругие опоры 
610 1 |a армирование 
610 1 |a затворы 
610 1 |a Саяно-Шушенская ГЭС 
610 1 |a научные труды 
675 |a 627.8  |v 4 
702 1 |a Картелев  |b Б. Г.  |g Борис Григорьевич  |4 340 
712 0 2 |a Всесоюзный научно-исследовательский институт гидротехники им. Б. Е. Веденеева (ВНИИГ)  |2 stltpush  |3 (RuTPU)RU\TPU\col\11485 
801 0 |a RU  |b RuMRKP  |c 19950704  |g psbo 
801 1 |a RU  |b 63413507  |c 20141127 
801 2 |a RU  |b 63413507  |c 20170403  |g RCR 
942 |c BK